000
00301nam a22001097a 4500
008
170105b xxu||||| |||| 00| 0 eng d
020
_a
9780071381529
041
_a
eng
080
_a
618.2
245
_a
FIRST AID FOR THE USMLE STEP 1
_c
BHUSHAN, V & LE, T & AMIN, CH & CHU, A & WANG, K.C
942
_2
udc
_c
BK
999
_c
2540
_d
2540